[Event "Platja d'Aro op-A 7th"]
[Site "Platja d'Aro"]
[Date "2019.06.28"]
[Round "5"]
[White "Djuric, Stefan"]
[Black "Fathima, Abdeen"]
[Result "1-0"]
[WhiteElo "2376"]
[BlackElo "1625"]
[PlyCount "49"]
[EventDate "2019.06.24"]
[EventType "swiss"]
[EventRounds "9"]
[EventCountry "ESP"]
[SourceTitle "CBM 191 Extra"]
[Source "ChessBase"]
[SourceDate "2019.09.30"]
[SourceVersion "1"]
[SourceVersionDate "2019.09.30"]
[SourceQuality "1"]

1. c4 e6 2. g3 d5 3. Bg2 Nf6 4. Nf3 c5 5. 0-0 Be7 6. cxd5 Nxd5 7. Nc3 Nc6 8. Nxd5 Qxd5 9. d3 Qh5 10. Be3 Bd7 11. d4 cxd4 12. Nxd4 0-0 13. Nf5 Bc8 14. Nxe7+ Nxe7 15. Rc1 Qa5 16. b4 Qf5 17. Bc5 Qf6 18. f4 Nf5 19. e4 Rd8 20. e5 Rxd1 21. Rfxd1 Ne3 22. exf6 Nxd1 23. Rxd1 gxf6 24. Rd8+ Kg7 25. h4 1-0

[Event "Commonwealth-ch U20 Girls"]
[Site "New Delhi"]
[Date "2018.07.02"]
[Round "6"]
[White "Chandreyee, Hajra"]
[Black "Fathima, Abdeen"]
[Result "1-0"]
[WhiteElo "1981"]
[BlackElo "1625"]
[PlyCount "69"]
[EventDate "2018.06.26"]
[EventType "swiss"]
[EventRounds "7"]
[EventCountry "IND"]
[SourceTitle "EXT 2019"]
[Source "ChessBase"]
[SourceDate "2018.10.10"]
[SourceVersion "1"]
[SourceVersionDate "2018.10.10"]
[SourceQuality "1"]

1. e4 c5 2. Nf3 d6 3. d4 cxd4 4. Nxd4 Nf6 5. Nc3 a6 6. Be2 e5 7. Nb3 Be7 8. 0-0 Be6 9. f4 Qc7 10. Qe1 0-0 11. Qg3 Kh8 12. Kh1 Nbd7 13. Be3 b5 14. a3 Rfe8 15. Rad1 Rab8 16. fxe5 dxe5 17. Nd4 Bd6 18. Nf5 Bxf5 19. Rxf5 b4 20. axb4 Bxb4 21. Bd2 Qc6 22. Bd3 Qe6 23. b3 Nb6 24. Qh4 Ng8 25. Nd5 Bxd2 26. Rxd2 Nh6 27. Nf6 Red8 28. Rdf2 Nd7 29. Ng4 Nxg4 30. Qxg4 Nc5 31. Bc4 Qg6 32. Qxg6 Rd1+ 33. Rf1 Rxf1+ 34. Bxf1 hxg6 35. Rxe5 1-0

[Event "Asia-ch Junior Girls blitz"]
[Site "Delhi"]
[Date "2016.05.11"]
[Round "2.5"]
[White "Fathima, Abdeen"]
[Black "Varshini, Veileven"]
[Result "0-1"]
[WhiteElo "1436"]
[BlackElo "1936"]
[PlyCount "140"]
[EventDate "2016.05.11"]
[EventType "swiss (blitz)"]
[EventRounds "9"]
[EventCountry "IND"]
[SourceTitle "EXT 2022"]
[Source "ChessBase"]
[SourceDate "2021.10.06"]
[SourceVersion "1"]
[SourceVersionDate "2021.10.06"]
[SourceQuality "1"]

1. e4 c5 2. Nf3 d6 3. d4 cxd4 4. Nxd4 Nf6 5. Nc3 a6 6. Bg5 e6 7. f4 Be7 8. Qf3 Qc7 9. 0-0-0 Nbd7 10. g4 b5 11. Bxf6 Nxf6 12. g5 Nd7 13. f5 Bxg5+ 14. Kb1 Ne5 15. Qh5 Qe7 16. fxe6 g6 17. Qe2 fxe6 18. Nf3 Bf6 19. Nxe5 Bxe5 20. Bg2 0-0 21. Qe3 Qg7 22. Rdf1 Bd7 23. h3 b4 24. Nd1 Bb5 25. Rxf8+ Rxf8 26. Qb3 Qd7 27. Qxb4 Rc8 28. h4 Qc7 29. Qd2 Ba4 30. c3 Qb6 31. Ka1 Qa5 32. Bh3 Kg7 33. Bxe6 Rc7 34. Bd5 Bxd1 35. Rxd1 Rxc3 36. Kb1 Rc5 37. Qxa5 Rxa5 38. Rf1 Rb5 39. Rf7+ Kh6 40. Ra7 a5 41. a3 Rxb2+ 42. Kc1 Rb5 43. Kc2 Rc5+ 44. Kd2 Rc3 45. Rxa5 Rh3 46. Ra8 Rxh4 47. a4 Bd4 48. a5 Kg5 49. Kd3 Bg1 50. a6 Rh3+ 51. Kc4 Ra3 52. Bb7 h5 53. Rd8 Bh2 54. Kb4 Ra1 55. Kb5 h4 56. Kb6 h3 57. a7 Bg1+ 58. Kc6 Bxa7 59. Rxd6 h2 60. Rd5+ Kf4 61. Kd6 h1Q 62. e5 Rd1 63. Ke6 Rxd5 64. Bxd5 Qe1 65. Kf6 Qxe5+ 66. Kxg6 Qxd5 67. Kf6 Bd4+ 68. Kg6 Qe5 69. Kh6 Kg4 70. Kh7 Qg7# 0-1